000
00239nam a22000977a 4500
020
_a
0688061026
100
_a
Peggy Parish
245
_a
Merry Christmas, Amelia Bedelia /
260
_a
New York :
_b
Greenwillow Books,
_c
1986.
942
_c
BK
999
_c
266106
_d
266105